<?xml version="1.0" encoding="UTF-8"?>
<collection xmlns="http://www.loc.gov/MARC21/slim">
 <record>
  <leader>01331nam a2200253 a 4500</leader>
  <controlfield tag="001">1/52087</controlfield>
  <controlfield tag="008">210422s2010####gr       b    001 | gre d</controlfield>
  <datafield tag="020" ind1=" " ind2=" ">
   <subfield code="a">9789604182145 (τ.1)</subfield>
  </datafield>
  <datafield tag="040" ind1=" " ind2=" ">
   <subfield code="a">GR-PeUP</subfield>
  </datafield>
  <datafield tag="082" ind1="0" ind2="0">
   <subfield code="a">530.141 ΤΣΑ</subfield>
  </datafield>
  <datafield tag="100" ind1="1" ind2=" ">
   <subfield code="a">Τσαλαμέγκας, Ιωάννης Λ.</subfield>
  </datafield>
  <datafield tag="245" ind1="0" ind2="0">
   <subfield code="a">Ηλεκτρομαγνητικά πεδία :</subfield>
   <subfield code="b">ηλεκτρομαγνητικά πεδία και κύματα /</subfield>
   <subfield code="c">Ιωάννης Λ. Τσαλαμέγκας, Ιωάννης Α. Ρουμελιώτης.</subfield>
  </datafield>
  <datafield tag="260" ind1=" " ind2=" ">
   <subfield code="a">Θεσσαλονίκη : </subfield>
   <subfield code="b">Τζιόλας, </subfield>
   <subfield code="c">2010.</subfield>
  </datafield>
  <datafield tag="300" ind1=" " ind2=" ">
   <subfield code="a">τ. (878 σ.) :</subfield>
   <subfield code="b">εικ., σχεδιαγρ., πιν. ; </subfield>
   <subfield code="c">25  εκ.</subfield>
  </datafield>
  <datafield tag="504" ind1=" " ind2=" ">
   <subfield code="a">Περιέχει βιβλιογραφία και ευρετήριο.</subfield>
  </datafield>
  <datafield tag="505" ind1="0" ind2=" ">
   <subfield code="a">Τ.1. Ηλεκτρομαγνητικά πεδία και κύματα.</subfield>
  </datafield>
  <datafield tag="650" ind1=" " ind2="0">
   <subfield code="a">Electromagnetic fields.</subfield>
  </datafield>
  <datafield tag="650" ind1=" " ind2="0">
   <subfield code="a">Electromagnetic waves.</subfield>
  </datafield>
  <datafield tag="650" ind1=" " ind2="4">
   <subfield code="a">Ηλεκτρομαγνητικά πεδία.</subfield>
  </datafield>
  <datafield tag="650" ind1=" " ind2="4">
   <subfield code="a">Ηλεκτρομαγνητικά κύματα.</subfield>
  </datafield>
  <datafield tag="700" ind1="1" ind2=" ">
   <subfield code="a">Ρουμελιώτης, Ιωάννης Α.</subfield>
  </datafield>
  <datafield tag="852" ind1=" " ind2=" ">
   <subfield code="a">INST</subfield>
   <subfield code="b">UNIPILB</subfield>
   <subfield code="c">MAIN</subfield>
   <subfield code="e">20210422</subfield>
   <subfield code="h">530.141 ΤΣΑ</subfield>
   <subfield code="p">00185232</subfield>
   <subfield code="q">00185232</subfield>
   <subfield code="t">LOAN</subfield>
   <subfield code="v">τομ.1:</subfield>
   <subfield code="y">0</subfield>
   <subfield code="4">1</subfield>
  </datafield>
  <datafield tag="852" ind1=" " ind2=" ">
   <subfield code="a">INST</subfield>
   <subfield code="b">UNIPILB</subfield>
   <subfield code="c">MAIN</subfield>
   <subfield code="e">20210422</subfield>
   <subfield code="h">530.141 ΤΣΑ</subfield>
   <subfield code="p">00185233</subfield>
   <subfield code="q">00185233</subfield>
   <subfield code="t">LOAN</subfield>
   <subfield code="v">τομ.1:</subfield>
   <subfield code="y">0</subfield>
   <subfield code="4">2</subfield>
  </datafield>
  <datafield tag="853" ind1=" " ind2=" ">
   <subfield code="a">INST</subfield>
   <subfield code="b">UNIPILB</subfield>
   <subfield code="c">MAIN</subfield>
   <subfield code="h">530.141 ΤΣΑ</subfield>
   <subfield code="l">τομ.1</subfield>
  </datafield>
 </record>
</collection>
